000 00322nam a22001337a 4500
008 181024b xxu||||| |||| 00| 0 eng d
020 _a9780137048380
041 _aeng
080 _24 ED
_a370
100 _a48
101 _aEDU
245 _aStrategies Readings Assement Instructions
_cCooter.B.R
942 _2udc
_cBK
999 _c50865
_d50865